¿Estructuralismo en la Filosofía del Derecho? / (Record no. 88580)

MARC details
000 -LEADER
campo de control de longitud fija 00666nam a2200193 i 4500
001 - NÚMERO DE CONTROL
campo de control 88580
003 - IDENTIFICADOR DE NÚMERO DE CONTROL
campo de control ES-MaACL
005 - FECHA Y HORA DE LA ÚLTIMA TRANSACCIÓN
campo de control 20230906175903.0
007 - CAMPO FIJO DE DESCRIPCIÓN FÍSICA--INFORMACIÓN GENERAL
campo de control de longitud fija t|
008 - DATOS DE LONGITUD FIJA--INFORMACIÓN GENERAL
campo de control de longitud fija 050105s1969 sp ||||1| spa d
100 1# - ENTRADA PRINCIPAL--NOMBRE DE PERSONA
Nombre de persona Lamsdorff-Galagane, Vladimiro.
9 (RLIN) 69875
245 10 - MENCIÓN DEL TÍTULO
Título ¿Estructuralismo en la Filosofía del Derecho? /
Mención de responsabilidad, etc. Vladimiro Lamsdorff-Galagane.
260 ## - PUBLICACIÓN, DISTRIBUCIÓN, ETC.
Lugar de publicación, distribución, etc. Santiago de Compostela :
Nombre del editor, distribuidor, etc. Porto y Cía.,
Fecha de publicación, distribución, etc. 1969.
300 ## - DESCRIPCIÓN FÍSICA
Extensión 111 p. ;
Dimensiones 19 cm.
490 1# - MENCIÓN DE SERIE
Mención de serie Biblioteca hispánica de filosofía del derecho ;
Designación de volumen o secuencia 3
830 0# - PUNTO DE ACCESO ADICIONAL DE SERIE-TÍTULO UNIFORME
Título uniforme Biblioteca hispánica de filosofía del derecho ;
Designación de volumen o secuencia 3
9 (RLIN) 183210
852 ## - LOCALIZACIÓN
Ubicación ES-MaACL
Número de control de estantería C-40200
Sublocalización o colección R.70853
Holdings
Estatus retirado Estado de pérdida Estado de daño No para préstamo Biblioteca de origen Biblioteca actual Ubicación en estantería Fecha de adquisición Fuente de adquisición Total de préstamos Signatura topográfica completa Código de barras Visto por última vez Precio de reemplazo Tipo de ítem Koha
        Biblioteca del Ateneo de Madrid Biblioteca del Ateneo de Madrid Depósito 2 17/01/2008     C-40200 1092526 23/02/2023 23/02/2023 Libro impreso